Argelia (Record no. 16277)

MARC details
000 -LEADER
campo de control de longitud fija 00673nam a2200229 i 4500
001 - NÚMERO DE CONTROL
campo de control 16277
003 - IDENTIFICADOR DE NÚMERO DE CONTROL
campo de control ES-MaACL
005 - FECHA Y HORA DE LA ÚLTIMA TRANSACCIÓN
campo de control 20230906151259.0
007 - CAMPO FIJO DE DESCRIPCIÓN FÍSICA--INFORMACIÓN GENERAL
campo de control de longitud fija t|
008 - DATOS DE LONGITUD FIJA--INFORMACIÓN GENERAL
campo de control de longitud fija 000823s1999 sp ||||1| spa d
020 ## - NÚMERO INTERNACIONAL ESTÁNDAR DEL LIBRO
Número Internacional Estándar del Libro 84-7737-081-8
080 ## - NÚMERO DE LA CLASIFICACIÓN DECIMAL UNIVERSAL
Número de la Clasificación Decimal Universal 965"19"
100 1# - ENTRADA PRINCIPAL--NOMBRE DE PERSONA
Nombre de persona Pérez López-Portillo, Raúl.
9 (RLIN) 90979
245 10 - MENCIÓN DEL TÍTULO
Título Argelia
Resto del título : el fin del sueño islamista /
Mención de responsabilidad, etc. Raul Pérez López-Portillo.
260 ## - PUBLICACIÓN, DISTRIBUCIÓN, ETC.
Lugar de publicación, distribución, etc. Madrid :
Nombre del editor, distribuidor, etc. Sílex,
Fecha de publicación, distribución, etc. [1999]
300 ## - DESCRIPCIÓN FÍSICA
Extensión 292 p. ;
Dimensiones 24 cm.
490 1# - MENCIÓN DE SERIE
Mención de serie Periodismo histórico
651 #4 - PUNTO DE ACCESO ADICIONAL DE MATERIA--NOMBRE GEOGRÁFICO
Nombre geográfico Argelia-
Subdivisión general Historia-
Subdivisión cronológica S.XX.
9 (RLIN) 7804
830 0# - PUNTO DE ACCESO ADICIONAL DE SERIE-TÍTULO UNIFORME
Título uniforme Periodismo histórico
9 (RLIN) 180286
852 ## - LOCALIZACIÓN
Ubicación ES-MaACL
Número de control de estantería L-23620
Sublocalización o colección R.128855
Holdings
Estatus retirado Estado de pérdida Estado de daño No para préstamo Biblioteca de origen Biblioteca actual Ubicación en estantería Fecha de adquisición Fuente de adquisición Total de préstamos Signatura topográfica completa Código de barras Visto por última vez Precio de reemplazo Tipo de ítem Koha
        Biblioteca del Ateneo de Madrid Biblioteca del Ateneo de Madrid Depósito 2 17/01/2008     L-23620 1016539 23/02/2023 23/02/2023 Libro impreso